000
00215 a2200097 4500
001
18411
100
_a
Rektorys
245
_a
Survey of applicable maths.
260
_a
_b
Iliffe book co
_c
1969
090
_c
13671
_d
13671
942
_a
NUST-CAE
_c
M
_c
4082
999
_c
253484
_d
253484